[Event "San Juan y Martinez"]
[Site "San Juan"]
[Date "1995.??.??"]
[Round "4"]
[White "Diaz, Joaquin C"]
[Black "Blanco, Cesar Augusto"]
[Result "1/2-1/2"]
[WhiteElo "2415"]
[BlackElo "2455"]

1.e4 c5 2.Nf3 e6 3.d4 cxd4 4.Nxd4 a6 5.Bd3 Qc7 6.O-O Nf6 7.Qe2 d6 8.c4 g6
9.Nc3 Bg7 10.Be3 Nbd7 11.f3 Ne5 12.Rfd1 Nfd7 13.Rac1 Nxd3 14.Qxd3 Ne5 15.Qe2 O-O
16.b3 Bd7 17.f4 Nc6 18.Qd2 Rfe8 19.Nde2 Ne7 20.Qxd6 Qxd6 21.Rxd6 Bc6 22.a4 e5
23.Rd2 f5 24.Nd5 Rac8 25.fxe5 fxe4 26.Nf6+ Bxf6 27.exf6 Nf5 28.Kf2 Kf7 29.Nd4 Nxd4
30.Bxd4 e3+ 31.Bxe3 Kxf6 32.Rcd1 Kf7 33.Bg5 Re5 34.h4 Rce8 35.Rd7+ Bxd7 36.Rxd7+ Ke6
37.Rxb7 h5 38.Rb6+ Kf7 39.Rxa6 Rf5+ 40.Kg3 Rb8 41.a5 Rxb3+ 42.Kh2 Ra3 43.Ra7+ Ke6
44.Re7+ Kd6 45.Rg7 Raxa5 46.Rxg6+ Ke5 47.Rh6 Ra2 48.Rxh5 Ke4 49.Rh8 Rff2
50.Re8+ Kf5 51.Rf8+ Kg4 52.Rxf2 Rxf2 53.c5 Rc2 54.Be7 Rc1 55.h5 Re1 56.Bd6 Re6
57.g3 Kxh5 58.Kg2 Rf6 59.Kh3 Rg6 60.Bf4 Ra6  1/2-1/2

[Event "Santiago op"]
[Site "Santiago"]
[Date "1995.??.??"]
[Round "?"]
[White "Rivera, Daniel"]
[Black "Rodriguez Vargas, Orestes"]
[Result "1/2-1/2"]
[WhiteElo "2385"]
[BlackElo "2445"]

1.e4 c5 2.Nf3 e6 3.d4 cxd4 4.Nxd4 a6 5.Bd3 g6 6.O-O Bg7 7.Nf3 Ne7 8.c4 Nbc6
9.Nc3 O-O 10.Bf4 d6 11.Qd2 e5 12.Be3 Bg4 13.Ne1 Be6 14.Nd5 Nd4 15.Nxe7+ Qxe7
16.Rc1 Rfc8 17.Nc2 Bxc4 18.Bxc4 Rxc4 19.Nxd4 Rxc1 20.Rxc1 exd4 21.Bxd4 Qxe4
22.Bxg7 Kxg7 23.Qxd6 Rc8 24.Qd1 Qd5 25.Qe1 Rxc1 26.Qxc1 Qxa2 27.Qc3+ f6 28.Qc7+ Qf7
29.Qb6 Qd7 30.h4 Qc6 31.Qd4 h5 32.Kh2 a5 33.Qd8 Qc5 34.Qd7+ Kh6 35.Qxb7 Qxf2
36.Qe4 f5 37.Qa4 f4 38.Qxa5 Qxh4+ 39.Kg1 Qg3 40.Qe5 h4 41.b4 h3 42.Qh8+ Kg5
43.Qe5+ Kh6 44.Qh8+ Kg5 45.Qe5+  1/2-1/2

[Event "Santiago op"]
[Site "Santiago"]
[Date "1995.??.??"]
[Round "?"]
[White "Teran Alvarez, Ismael"]
[Black "Strikovic, Aleksa"]
[Result "1/2-1/2"]
[WhiteElo "2310"]
[BlackElo "2485"]

1.e4 c5 2.Nf3 e6 3.d4 cxd4 4.Nxd4 a6 5.Bd3 Nf6 6.O-O Qc7 7.Qe2 d6 8.c4 g6
9.Nc3 Bg7 10.Rd1 O-O 11.Nf3 Nbd7 12.Bf4 Ng4 13.Rac1 b6 14.Bb1 Nde5 15.Nxe5 Nxe5
16.b3 Re8 17.h3 Bb7 18.Qd2 Bf8 19.Bg5 Nd7 20.Kh1 Rac8 21.Bf4 Ne5 22.Bg5 f5
23.Bh6 Bxh6 24.Qxh6 Nf7 25.Qe3 Qc5 26.Qd2 Qe5 27.f4 Qf6 28.Qe3 Rb8 29.Qxb6 fxe4
30.Qe3 e5 31.Rf1 exf4 32.Rxf4 Qg5 33.Re1 Re5 34.Qa7 Rf8 35.Ref1 Re7 36.h4 Qe5
37.Qe3 Rfe8 38.Ne2 d5 39.Bc2 Nd6 40.Nd4 dxc4 41.bxc4 Rf7 42.c5 Rxf4 43.Qxf4 Qxf4
44.Rxf4 Nf5 45.Nxf5 gxf5 46.Rxf5 e3 47.Rf1 Kg7 48.Re1 Bc6 49.Bd3 a5 50.Kh2 Kf6
51.g4 h6 52.Kg3 Re5 53.Kf4 Rxc5 54.Rxe3 Rd5 55.Bc2 Rd4+ 56.Kg3 a4 57.Bf5 Bd5
58.a3 Rc4 59.Bh7 Rc1 60.Rd3 Ke5 61.Bf5 Rg1+ 62.Kf2 Rg2+ 63.Ke3 Rh2 64.h5 Bc4
65.Rd8 Rh3+ 66.Kd2 Rxa3 67.g5 hxg5 68.h6 Kxf5 69.h7 Rh3 70.h8=Q Rxh8 71.Rxh8  1/2-1/2

[Event "Sarospatak op"]
[Site "Sarospatak"]
[Date "1995.??.??"]
[Round "?"]
[White "Kozakov, Mikhail"]
[Black "Suto, Gabor"]
[Result "1-0"]
[WhiteElo "2350"]
[BlackElo "2110"]

1.e4 c5 2.Nf3 e6 3.d4 cxd4 4.Nxd4 a6 5.Bd3 Nf6 6.O-O d6 7.c4 g6 8.Nc3 Bg7
9.Nf3 Nc6 10.Bf4 Nh5 11.Be3 O-O 12.Rc1 f5 13.exf5 gxf5 14.Nd4 Nf6 15.h3 Nxd4
16.Bxd4 e5 17.Be3 Be6 18.f4 e4 19.Be2 Rc8 20.Qa4 Qe7 21.Rfd1 Rfd8 22.Rd2 Qf7
23.b3 Nh5 24.Qa5 Bh6 25.Nd5 Bxd5 26.Bxh5 Qxh5 27.Qxd5+ Qf7 28.Rcd1 Bf8 29.a4 Rd7
30.c5 Rcd8 31.b4 Kg7 32.b5 axb5 33.axb5 Qxd5 34.Rxd5 Kf6 35.g4 Ke7 36.c6  1-0

[Event "Asia-chT"]
[Site "Singapore"]
[Date "1995.??.??"]
[Round "3"]
[White "Al Modiahki, Mohamad"]
[Black "Ramos, Domingo"]
[Result "1-0"]
[WhiteElo "2445"]
[BlackElo "2330"]

1.e4 c5 2.Nf3 e6 3.d4 cxd4 4.Nxd4 a6 5.Bd3 Qc7 6.O-O Nf6 7.Qe2 d6 8.c4 Nc6
9.Nxc6 bxc6 10.Nc3 Be7 11.Be3 Nd7 12.Rac1 c5 13.f4 Bb7 14.Rcd1 O-O 15.Bb1 Rad8
16.Rf3 g6 17.f5 Rfe8 18.fxe6 fxe6 19.Bf4 Ne5 20.Bxe5 dxe5 21.Rfd3 Rd4 22.Qg4 Bf6
23.Bc2 Qb6 24.Na4 Qc6 25.Rxd4 exd4 26.b3 Be5 27.Nb2 Bg7 28.Re1 e5 29.Bd1 Bh6
30.Bf3 Be3+ 31.Kh1 Bf2 32.Rf1 h5 33.Qg5 Be3 34.Qg3 Rf8 35.Rd1 Bf4 36.Qe1 Be3
37.Qh4 Qe6 38.Nd3 Rc8 39.Qg3 Bf4 40.Nxf4 exf4 41.Qxf4 Re8 42.Re1 Qe5 43.Qh6 Re6
44.h3 d3 45.Qd2 Rd6 46.Re3 Qa1+ 47.Re1 Qe5 48.a3 Rd4 49.Qh6 Qg3 50.Rf1 Rd8
51.Bg4 Qd6 52.e5  1-0

[Event "SLO-chT"]
[Site "?"]
[Date "1995.??.??"]
[Round "3"]
[White "Roskar, Robert"]
[Black "Sedonja, J."]
[Result "1-0"]
[WhiteElo "2200"]
[BlackElo "1820"]

1.e4 c5 2.Nf3 e6 3.d4 cxd4 4.Nxd4 a6 5.Bd3 Nc6 6.Nb3 Qc7 7.O-O b5 8.f4 Nf6
9.Nc3 d6 10.Qf3 Bb7 11.Qg3 Rd8 12.Be3 g6 13.f5 Bg7 14.Bg5 O-O 15.Qh4 Qe7
16.Rf3 Ne5 17.Rh3 h5 18.Rf1 Ned7 19.Ne2 e5 20.Nc3 Qe8 21.Rhf3 Qe7 22.Nd2 Rc8
23.Nd5 Qd8 24.fxg6 Bxd5 25.exd5 Qb6+ 26.Be3 Qb7 27.gxf7+ Rxf7 28.Ne4 Rcf8
29.Nxd6 Qxd5 30.Nxf7 Rxf7 31.Bf5 Nc5 32.Rg3 Kf8 33.Bg6 Ncd7 34.Bxf7 Qxf7
35.Bg5 Qe6 36.Rgf3 Ke7 37.Qb4+ Kf7 38.Qd2 Ke7 39.a4 bxa4 40.Qb4+ Kf7 41.Qxa4 Qb6+
42.Kh1 Ke7 43.Bxf6+ Bxf6 44.Qa3+ Kf7 45.Qa4  1-0

[Event "SLO-chT"]
[Site "?"]
[Date "1995.??.??"]
[Round "5"]
[White "Susnik, Matej"]
[Black "Kovac, Boris"]
[Result "1/2-1/2"]
[WhiteElo "2190"]
[BlackElo "2330"]

1.e4 c5 2.Nf3 e6 3.d4 cxd4 4.Nxd4 a6 5.Bd3 Qc7 6.O-O Nf6 7.Kh1 Nc6 8.Nxc6 bxc6
9.f4 d5 10.e5 Nd7 11.c3 c5 12.Nd2 Bb7 13.Nf3 Be7 14.f5 O-O-O 15.fxe6 fxe6
16.Ng5 Bxg5 17.Bxg5 Rde8 18.Rf7 h6 19.Bh4 g5 20.Bg3 h5 21.Qa4 c4 22.Be2 h4
23.Bf2 Ref8 24.Rxf8+ Rxf8 25.Bd4 Nxe5 26.b3 h3 27.gxh3 Qh7 28.Bf1 Nf3 29.Qb4 Rf5
30.Qc5+ Qc7 31.Qxc7+ Kxc7 32.Bg2 e5 33.Bxf3 exd4 34.Bg4 Rf4 35.cxd4 Rxd4
36.bxc4 dxc4+ 37.Kg1 Rd2 38.Rc1 Bd5 39.Rd1 Rxd1+ 40.Bxd1 Be4  1/2-1/2

[Event "Sollentuna op"]
[Site "Sollentuna"]
[Date "1995.??.??"]
[Round "1"]
[White "Algars, Olle"]
[Black "Agrest, Evgenij"]
[Result "0-1"]
[WhiteElo "2170"]
[BlackElo "2460"]

1.e4 c5 2.Nf3 e6 3.d4 cxd4 4.Nxd4 a6 5.Bd3 d6 6.O-O Nd7 7.c4 g6 8.Nc3 Bg7
9.Be3 Ngf6 10.Rc1 O-O 11.b4 Re8 12.Nc2 b6 13.f3 Bb7 14.Be2 Qc7 15.Bd4 Rac8
16.Qd2 Qb8 17.g4 h6 18.Na4 d5 19.e5 Nxe5 20.Nxb6 Rcd8 21.Qc3 Nc6 22.Bxf6 d4
23.Qa3 Bxf6 24.c5 Qf4 25.Nc4 Ne5 26.Ne1 d3 27.Bxd3 Rxd3 28.Nxd3 Nxf3+  0-1

[Event "St Petersburg op"]
[Site "St Petersburg"]
[Date "1995.??.??"]
[Round "5"]
[White "Brodsky, Michail"]
[Black "Kochyev, Alexander"]
[Result "1/2-1/2"]
[WhiteElo "2535"]
[BlackElo "2455"]

1.e4 c5 2.Nf3 e6 3.d4 cxd4 4.Nxd4 a6 5.Bd3 Ne7 6.O-O Nec6 7.Nb3 Be7 8.c4 d6
9.Nc3 Nd7 10.Be3 b6 11.f4 O-O 12.Be2 Bb7 13.Bf3 Nc5 14.Rf2 Qc7 15.Rd2 Rfd8
16.Nc1 Na7 17.N1e2 b5 18.b4 Nd7 19.cxb5 Nxb5 20.Rc1 Nxc3 21.Nxc3 Qb8 22.a3 Nf6
23.f5 e5 24.Kh1 h6 25.Rdc2 Bc6 26.Bf2 Rd7 27.Bh4 Qb7 28.Bxf6 Bxf6 29.Rb1 Rc8
30.Rd2 Qb6 31.Rd3 Ba8 32.Rc1 Rc4 33.Na4 Rxc1 34.Nxb6 Rxd1+ 35.Rxd1 Rd8 36.Nxa8 Rxa8
37.Rxd6 Be7 38.Rd7 Kf8 39.Rd5 Rc8 40.Kg1 Bd8 41.Kf1 a5 42.bxa5 f6 43.Be2 Ke7
44.a6 Rc1+ 45.Bd1 Bb6 46.a4 Rc5 47.Rd3 Rc6 48.Rb3 Kd6 49.Ke2 Bg1 50.Rg3 Rxa6
51.Rxg7 Bxh2 52.Rg6 Kc5 53.g3 Bg1 54.Rg8 Rd6 55.Bc2 Kb4 56.Rb8+ Bb6 57.Rc8 h5
58.Rh8  1/2-1/2

[Event "SVK-chT"]
[Site "?"]
[Date "1995.??.??"]
[Round "?"]
[White "Bartek, Ladislav"]
[Black "Banas, Jan"]
[Result "0-1"]
[WhiteElo "2200"]
[BlackElo "2390"]

1.e4 c5 2.Nf3 e6 3.d4 cxd4 4.Nxd4 a6 5.Bd3 Nf6 6.Qe2 d6 7.O-O Qc7 8.c4 b6
9.Nc3 Bb7 10.f4 Nbd7 11.Kh1 Be7 12.Bd2 O-O 13.Rae1 Rad8 14.Bb1 Rfe8 15.Nf3 Nf8
16.e5 N6d7 17.exd6 Bxd6 18.Ne5 Ng6 19.Nxg6 hxg6 20.Ne4 Be7 21.Bc3 Rc8 22.Bd3 a5
23.Bd4 Bxe4 24.Qxe4 Bf6 25.b3 Bxd4 26.Qxd4 Red8 27.Rd1 Nf6 28.Qe3 g5 29.Be2 gxf4
30.Rxf4 Rxd1+ 31.Bxd1 Rd8 32.Bc2 Qc5 33.Qf2 Kf8 34.Qxc5+ bxc5 35.Kg1 Ke7
36.Rf2 e5 37.Re2 Ke6 38.Kf2 Ng4+ 39.Kg3 f5 40.h3 Nf6 41.Kf3 g5 42.g3 e4+
43.Kg2 Ke5  0-1

[Event "SWZ-chT"]
[Site "SWZ"]
[Date "1995.??.??"]
[Round "5"]
[White "Voneschen, Jan"]
[Black "Milosevic, Goran"]
[Result "1/2-1/2"]
[WhiteElo "2080"]
[BlackElo "2390"]

1.e4 c5 2.Nf3 e6 3.d4 cxd4 4.Nxd4 a6 5.Bd3 Nf6 6.O-O Qc7 7.Be3 d5 8.Nd2 Nc6
9.Nxc6 bxc6 10.f4 c5 11.e5 Nd7 12.c4 d4 13.Bf2 Rb8 14.Qc2 g6 15.Bh4 Bg7 16.Ne4 Rb6
17.Nd6+ Rxd6 18.exd6 Qxd6 19.a3 O-O 20.Rab1 Bb7 21.b4 Re8 22.Bg3 Bc6 23.Be4 Rc8
24.Bxc6 Qxc6 25.b5 axb5 26.Rxb5 Ra8 27.a4 h5 28.a5 Bf6 29.Rfb1 Kg7 30.Be1 Qd6
31.Qe4 Ra6 32.Bd2 Kh7 33.Qb7 Rc6 34.Rb6 Nxb6 35.Rxb6 Rxb6 36.axb6 Kg7 37.Qc7 Be7
38.Ba5 d3 39.b7 Qd4+ 40.Kf1 d2 41.Bxd2 Qxd2 42.b8=Q Qd1+ 43.Kf2  1/2-1/2

[Event "SWZ-chT"]
[Site "SWZ"]
[Date "1995.??.??"]
[Round "6"]
[White "Campora, Daniel H"]
[Black "Costa, Jean Luc"]
[Result "1/2-1/2"]
[WhiteElo "2550"]
[BlackElo "2440"]

1.e4 c5 2.Nf3 e6 3.d4 cxd4 4.Nxd4 a6 5.Bd3 Nf6 6.O-O Qc7 7.f4 Bc5 8.c3 Nc6
9.Kh1 Nxd4 10.cxd4 Bxd4 11.e5 Nd5 12.Be4 Bc5 13.Bxd5 exd5 14.Qxd5 O-O 15.Rd1 b5
16.Nc3 Bb7 17.Qxd7 Qb6 18.Nd5 Bxd5 19.Qxd5 Rad8 20.Qf3 Rxd1+ 21.Qxd1 Rd8
22.Bd2 Bb4 23.Bxb4 Rxd1+ 24.Rxd1 h5 25.f5 Qe3 26.Bc3 Qe4 27.e6 fxe6 28.fxe6 Qxe6
29.a3 Kh7 30.h4 Qg4 31.Rd4 Qg3 32.a4 Kg6 33.axb5 axb5 34.Kg1 Kh7 35.Rb4 g6
36.Rxb5 Qxh4 37.Rb7+ Kg8 38.Rg7+ Kf8 39.Rxg6 Ke8 40.Rd6 Qg4 41.Rd4 Qe2 42.Kh2 Qe5+
43.Kh3 Qf5+ 44.Kg3 Ke7 45.Rf4 Qg6+ 46.Kf2 Qc2+ 47.Kg1 Kd7 48.Kh2 Ke8  1/2-1/2

[Event "SWZ-chT"]
[Site "SWZ"]
[Date "1995.??.??"]
[Round "9"]
[White "Gallagher, Joseph G"]
[Black "Hirzel, Rene"]
[Result "1-0"]
[WhiteElo "2515"]
[BlackElo "2210"]

1.e4 c5 2.Nf3 e6 3.d4 cxd4 4.Nxd4 a6 5.Bd3 Bc5 6.Nb3 Ba7 7.Nc3 Nc6 8.Qe2 d6
9.Be3 Nf6 10.Bxa7 Rxa7 11.f4 b5 12.O-O-O O-O 13.e5 Nd5 14.Qe4 f5 15.exf6 Nxf6
16.Qxc6 Bb7 17.Qxd6 Qxd6 18.Bxh7+ Kxh7 19.Rxd6 b4 20.Ne2 Bxg2 21.Rg1 Bd5
22.Nc5 Rc8 23.Nxe6 Bxa2 24.Ng5+ Kh8 25.Nd4 Bd5 26.Nde6 Bxe6 27.Nxe6 b3 28.c3 a5
29.Rgd1 a4 30.Ng5 Re8 31.Rd8 Re7 32.Rxe8+ Rxe8 33.Rd4 Ra8 34.Ne6 Ra5 35.c4 Kg8
36.c5 Kf7 37.f5 Ne8 38.Kd2 g6 39.Nd8+ Kf6 40.Nb7 Rb5 41.Nd6 Nxd6 42.cxd6 a3
43.d7 Rb8 44.bxa3 b2 45.Rb4 Rd8 46.fxg6 Rxd7+ 47.Kc3  1-0

[Event "Szekszard op "]
[Site "Szekszard"]
[Date "1995.??.??"]
[Round "?"]
[White "Juhasz, Jozsef"]
[Black "Albert, Kornelia"]
[Result "1-0"]
[WhiteElo "2250"]
[BlackElo "2085"]

1.e4 c5 2.Nf3 e6 3.d4 cxd4 4.Nxd4 a6 5.Bd3 Qc7 6.O-O Nf6 7.c4 d6 8.b3 Nbd7
9.Qe2 Be7 10.Bb2 b6 11.Nd2 Bb7 12.Rae1 O-O 13.f4 Nc5 14.Bb1 Nfd7 15.Bc2 a5
16.e5 g6 17.Nb5 Qc6 18.Nxd6 Bxd6 19.exd6 Qxd6 20.Rd1 Qc6 21.Nf3 Rad8 22.Nd4 Qc7
23.Nb5 Qb8 24.Rd6 Ba6 25.Rfd1 Bxb5 26.cxb5 Qc7 27.Qd2 Rc8 28.a3 Nb8 29.Qc3 f6
30.Bb1 Rcd8 31.Rxd8 Rxd8 32.Rf1 Qe7 33.Qxf6 Qxf6 34.Bxf6 Rd2 35.Bc3 Rd5 36.Bc2 Ncd7
37.b4 axb4 38.Bxb4 Rxb5 39.Bb3 Nf8 40.g4 Nc6 41.Bc4 Rxb4 42.axb4 Nxb4 43.f5 gxf5
44.gxf5 b5 45.fxe6 bxc4 46.e7  1-0

[Event "Timisoara op"]
[Site "Timisoara"]
[Date "1995.??.??"]
[Round "8"]
[White "Hargittai, Szabolcs"]
[Black "Albert, Kornelia"]
[Result "0-1"]
[WhiteElo "2215"]
[BlackElo "2110"]

1.e4 c5 2.Nf3 e6 3.d4 cxd4 4.Nxd4 a6 5.Bd3 Qc7 6.O-O Nf6 7.c4 d6 8.Nc3 Be7
9.Be3 Nbd7 10.f4 O-O 11.Kh1 b6 12.f5 Ne5 13.Qe2 Bd7 14.fxe6 fxe6 15.Nf3 Nxd3
16.Qxd3 Rac8 17.Nd2 Ng4 18.Bd4 d5 19.e5 dxc4 20.Qe2 Nh6 21.Rxf8+ Rxf8 22.Nxc4 Bc5
23.Bxc5 Qxc5 24.Ne4 Qc7 25.Ned6 b5 26.Nd2 Qc2 27.b3 Qb2 28.Re1 Ng4 29.Rd1 Nf2+
30.Kg1 Nxd1 31.Qxd1 Qd4+ 32.Kh1 Qxd2  0-1

[Event "Timisoara op"]
[Site "Timisoara"]
[Date "1995.??.??"]
[Round "9"]
[White "Nanu, Ciprian"]
[Black "Albert, Kornelia"]
[Result "1-0"]
[WhiteElo "2170"]
[BlackElo "2110"]

1.e4 c5 2.Nf3 e6 3.d4 cxd4 4.Nxd4 a6 5.Bd3 Qc7 6.O-O Nf6 7.Kh1 d6 8.f4 Be7
9.Qe2 Nbd7 10.Nd2 Nc5 11.N2f3 e5 12.Nb3 Nxd3 13.cxd3 Be6 14.Bd2 Bxb3 15.axb3 exf4
16.Bxf4 O-O 17.Nd4 Rfe8 18.Bg5 Nd5 19.Bd2 Bf6 20.Nf5 Re6 21.Qg4 Ne7 22.Rac1 Qb6
23.Be3 Qxb3 24.Nxe7+ Bxe7 25.Bd4 Rg6 26.Qd7 Re6 27.Rf3 Qb5 28.Qc7 d5 29.Qf4 Rf8
30.Rc8 f6 31.Qf5 Rc6 32.Rxc6 bxc6 33.Qe6+ Rf7 34.e5 Qa4 35.Bg1 Qb5 36.g4 h6
37.h4 c5 38.g5 hxg5 39.hxg5 Qa4 40.g6 Qh4+ 41.Rh3  1-0

[Event "Velden op"]
[Site "Velden"]
[Date "1995.??.??"]
[Round "3"]
[White "Podkriznik, Gregor"]
[Black "Sulava, Nenad"]
[Result "1-0"]
[WhiteElo "2210"]
[BlackElo "2390"]

1.e4 c5 2.Nf3 e6 3.d4 cxd4 4.Nxd4 a6 5.Bd3 Qb6 6.Nb3 Qc7 7.O-O Nf6 8.f4 d6
9.c4 Nbd7 10.Qe2 b6 11.Bd2 Bb7 12.Nc3 g6 13.Rae1 Bg7 14.e5 dxe5 15.fxe5 Nh5
16.g4 Nxe5 17.gxh5 Nxd3 18.Qxd3 O-O 19.h6 Rfd8 20.Qg3 Qxg3+ 21.hxg3 Bf8 22.Bf4 Rac8
23.Rd1 f6 24.Rxd8 Rxd8 25.Rd1 Rc8 26.Rd7 Bf3 27.Nd2 Bc6 28.Rc7 Rxc7 29.Bxc7 Bxh6
30.Bf4 Bf8 31.Be3 b5 32.c5 f5 33.b4 Bg7 34.Ne2 e5 35.Nb3 Kf7 36.Na5 Bd5 37.Nc3 Be6
38.a4 bxa4 39.Nxa4 Bf6 40.c6 g5 41.c7 f4 42.Bc5 e4 43.Nb6 e3 44.c8=Q Bxc8
45.Nxc8 Bc3 46.Kf1 fxg3 47.Bxe3 Bxb4 48.Nc6 Bc3 49.Bxg5 Ke6 50.Nb6 Kf5 51.Be7 Bf6
52.Bxf6 Kxf6 53.Kg2 h5 54.Kxg3 h4+ 55.Kxh4 a5 56.Na4 Ke6 57.Nd4+ Kd5 58.Nb3 Ke6
59.Kg5 Kf7 60.Nbc5 Kg7 61.Ne6+ Kf7 62.Kf5 Ke7 63.Ng5 Kd6 64.Ke4 Kc6 65.Ne6 Kd6
66.Nd4 Ke7 67.Kf5 Kf7 68.Nc6 Kg7 69.Ne5 Kh6 70.Kf6 Kh5 71.Nf7 Kg4 72.Ke5 Kf3
73.Nh6 Ke3 74.Ng4+ Kf3 75.Kf5 Kg3 76.Ne5 Kh3 77.Kf4 Kh4 78.Ng6+ Kh5 79.Kf5 Kh6
80.Nf4 Kg7 81.Ke6 Kh6 82.Kf6 Kh7 83.Nh5 Kh6 84.Ng3 Kh7 85.Nf5 Kg8 86.Ke7 Kh7
87.Kf7 Kh8 88.Nc5 a4 89.Ne6 a3 90.Nf8  1-0

[Event "Velden op"]
[Site "Velden"]
[Date "1995.??.??"]
[Round "4"]
[White "Suetin, Alexey S"]
[Black "Kievelitz, Bernd"]
[Result "1-0"]
[WhiteElo "2445"]
[BlackElo "2145"]

1.e4 c5 2.Nf3 e6 3.d4 cxd4 4.Nxd4 a6 5.Bd3 g6 6.Be3 Bg7 7.Nc3 Ne7 8.Qd2 Nbc6
9.Nb3 b5 10.Bh6 Bxh6 11.Qxh6 Ng8 12.Qe3 Qc7 13.f4 d6 14.O-O-O Bb7 15.Bxb5 axb5
16.Nxb5 Qb8 17.Nxd6+ Kf8 18.Qc3 f6 19.Nc5 Bc8 20.Nxc8 Qxc8 21.Nd7+ Kf7 22.Nb6 Qe8
23.Nxa8 Qxa8 24.f5 exf5 25.exf5 Nge7 26.fxg6+ hxg6 27.Rd6 Qxa2 28.Qxf6+ Kg8
29.Rf1 Qa1+ 30.Kd2 Qa5+ 31.c3 Kh7 32.Rf3  1-0

[Event "Velden op"]
[Site "Velden"]
[Date "1995.??.??"]
[Round "9"]
[White "Suetin, Alexey S"]
[Black "Bergen, Peter"]
[Result "1-0"]
[WhiteElo "2445"]
[BlackElo "2145"]

1.e4 c5 2.Nf3 e6 3.d4 cxd4 4.Nxd4 a6 5.Bd3 Nf6 6.O-O Qc7 7.Qe2 d6 8.c4 Be7
9.Nc3 O-O 10.Kh1 b6 11.f4 Nbd7 12.Bd2 Bb7 13.Rac1 Rfe8 14.Nf3 Nf8 15.a3 Ng6
16.b4 Nd7 17.Qf2 Qd8 18.Be3 Rb8 19.Rfd1 Ba8 20.Qg3 Qc7 21.Ng5 Bf8 22.Rf1 Nf6
23.e5 Nd7 24.Qh3 h6 25.Nxf7 Kxf7 26.Qh5 Ke7 27.Bxg6  1-0

[Event "Vienna op"]
[Site "Vienna"]
[Date "1995.??.??"]
[Round "1"]
[White "Gorjatchev, Victor"]
[Black "Landa, Konstantin"]
[Result "1-0"]
[WhiteElo "2185"]
[BlackElo "2515"]

1.e4 c5 2.Nf3 e6 3.d4 cxd4 4.Nxd4 a6 5.Bd3 g6 6.Nc3 Bg7 7.Be3 Nc6 8.Nxc6 bxc6
9.Na4 d6 10.O-O c5 11.Rb1 Bd7 12.c4 Rb8 13.b4 cxb4 14.c5 Bc6 15.cxd6 Qxd6
16.Bc5 Qc7 17.Bxa6 Rd8 18.Qc2 Qa5 19.Bb6 Qxa4 20.Qxa4 Bxa4 21.Bxd8 Kxd8 22.Rxb4 Bc6
23.Rb8+ Ke7 24.Rc1 Bd7 25.Rb7 Be5 26.Rc8  1-0

[Event "Vienna op"]
[Site "Vienna"]
[Date "1995.??.??"]
[Round "4"]
[White "Lendwai, Reinhard"]
[Black "Stanec, Nikolaus"]
[Result "1/2-1/2"]
[WhiteElo "2385"]
[BlackElo "2480"]

1.e4 c5 2.Nf3 e6 3.d4 cxd4 4.Nxd4 a6 5.Bd3 Bc5 6.Nb3 Ba7 7.Qe2 Nc6 8.Be3 d6
9.O-O e5 10.Bc4 Nge7 11.Nc3 O-O 12.Rad1 b5 13.Bd5 Nxd5 14.Nxd5 Be6 15.Rd2 Ne7
16.Nxe7+ Qxe7 17.Rfd1 Bb8 18.Bb6 f5 19.exf5 Rxf5 20.Qe4 Ra7 21.Bxa7 Bxa7
22.Kh1 Rf4 23.Qa8+ Rf8 24.Qc6 Bb8 25.f3 g5 26.Qxa6 g4 27.fxg4 Bxg4 28.Qxb5 Bxd1
29.Rxd1 Qe6 30.h3 Qg6 31.Qc4+ Kh8 32.Rf1 Rg8 33.Qe2 d5 34.Qf2 e4 35.Nd4 Be5
36.c3 Ra8 37.a3 Rb8 38.Nf5 Qg5 39.Nd4 e3 40.Qe2 Qg3 41.Nf3 Bf4 42.a4 Ra8
43.b3 Rc8 44.Qd3 Rf8 45.Qe2 Rc8 46.Qa6 Rf8 47.Qe2  1/2-1/2

[Event "Vienna op-B"]
[Site "Vienna"]
[Date "1995.??.??"]
[Round "9"]
[White "Sandhu, Mario"]
[Black "Seidl, Reinhard"]
[Result "1/2-1/2"]
[WhiteElo "2010"]
[BlackElo "1965"]

1.e4 c5 2.Nf3 e6 3.d4 cxd4 4.Nxd4 a6 5.Bd3 Qc7 6.O-O Bc5 7.Nb3 Ba7 8.Qg4 Kf8
9.Nc3 Nf6 10.Qh4 d6 11.Kh1 b5 12.Bg5 Nbd7 13.f4 Bb7 14.Rae1 Kg8 15.Rf3 h5
16.Bxf6 Nxf6 17.Nd1 Ng4 18.c3 Re8 19.Ref1 Qd8 20.Qxd8 Rxd8  1/2-1/2

[Event "AUT-ch"]
[Site "Voitsberg"]
[Date "1995.??.??"]
[Round "5"]
[White "Stanec, Nikolaus"]
[Black "Schlosser, Michael"]
[Result "1/2-1/2"]
[WhiteElo "2480"]
[BlackElo "2365"]

1.e4 c5 2.Nf3 e6 3.d4 cxd4 4.Nxd4 a6 5.Bd3 Nf6 6.O-O d6 7.Kh1 g6 8.f4 Bg7
9.c4 O-O 10.Nc3 Nbd7 11.Nf3 Qc7 12.Qe2 b6 13.Bd2 Bb7 14.Rae1 Rfe8 15.Bb1 Rac8
16.b3 Qb8 17.Qf2  1/2-1/2

[Event "Wattens op"]
[Site "Wattens"]
[Date "1995.??.??"]
[Round "?"]
[White "Gurevich, Vladimir"]
[Black "Priehoda, Vitezslav"]
[Result "1/2-1/2"]
[WhiteElo "2435"]
[BlackElo "2365"]

1.e4 c5 2.Nf3 e6 3.d4 cxd4 4.Nxd4 a6 5.Bd3 Qc7 6.O-O Nf6 7.Qe2 d6 8.Kh1 Be7
9.f4 O-O 10.Nd2 Nbd7 11.c4 Re8 12.N4f3 e5 13.f5  1/2-1/2

[Event "Sonnevanck-A"]
[Site "Wijk aan Zee"]
[Date "1995.??.??"]
[Round "8"]
[White "Nijboer, Friso"]
[Black "Brenninkmeijer, Joris"]
[Result "0-1"]
[WhiteElo "2510"]
[BlackElo "2490"]

1.e4 c5 2.Nf3 e6 3.d4 cxd4 4.Nxd4 a6 5.Bd3 Qc7 6.Qe2 Bc5 7.Nb3 Be7 8.O-O d6
9.Be3 Nf6 10.f4 Nbd7 11.N1d2 b6 12.Nd4 g6 13.c4 Nc5 14.Bc2 Bb7 15.Qf3 O-O
16.b4 Ncd7 17.Bd3 Rfe8 18.Qh3 Bf8 19.Ne2 Bg7 20.Rac1 a5 21.a3 axb4 22.axb4 Ra4
23.c5 bxc5 24.bxc5 dxc5 25.Nc3 Rb4 26.Na2 Ra4 27.Nc3 Rb4 28.Na2 Rxe4 29.Nxe4 Nxe4
30.Qg4 Ra8 31.Qe2 Ra3 32.Rfd1 h5 33.Bxe4 Bxe4 34.Bd4 Bd5 35.Bxg7 Rxa2 36.Bb2 Qxf4
37.Rd2 Rxb2  0-1

[Event "Bayern-ch"]
[Site "Wuerzburg"]
[Date "1995.??.??"]
[Round "5"]
[White "Bensch, Patrick"]
[Black "Siepelt, Heiner"]
[Result "0-1"]
[WhiteElo "2255"]
[BlackElo "2370"]

1.e4 c5 2.Nf3 e6 3.d4 cxd4 4.Nxd4 a6 5.Bd3 Bc5 6.Nb3 Ba7 7.Nc3 Nc6 8.O-O Nf6
9.Qe2 d6 10.Be3 b5 11.a3 O-O 12.Rad1 Re8 13.Kh1 Bxe3 14.Qxe3 Rb8 15.Qg3 b4
16.axb4 Rxb4 17.Nd2 e5 18.b3 Rb8 19.Nc4 Be6 20.Qh4 Nb4 21.f4 Ng4 22.Qg3 exf4
23.Qxf4 Nxd3 24.Rxd3 Bxc4 25.bxc4 Ne5 26.Rg3 Rc8 27.Nd5 Kh8 28.Rxg7 Kxg7
29.Nf6 Re6 30.Qg5+ Ng6 31.Nh5+ Kh8 32.Qh6 Qf8 33.Qg5 Rc5  0-1

[Event "Wuerzburg op"]
[Site "Wuerzburg"]
[Date "1995.??.??"]
[Round "6"]
[White "Gross, David"]
[Black "Bezold, Michael"]
[Result "0-1"]
[WhiteElo "2425"]
[BlackElo "2495"]

1.e4 c5 2.Nf3 e6 3.d4 cxd4 4.Nxd4 a6 5.Bd3 Bc5 6.Nb3 Ba7 7.Nc3 Nc6 8.Qe2 d6
9.Be3 Nf6 10.O-O-O b5 11.f4 b4 12.Nb1 e5 13.N1d2 O-O 14.Rhf1 Bxe3 15.Qxe3 Ng4
16.Qg3 a5 17.Kb1 a4 18.Nc1 Qc7 19.Nc4 exf4 20.Qxf4 Nce5 21.Nxe5 Nxe5 22.Be2 a3
23.bxa3 Be6 24.Qd2 Rxa3 25.Qxd6 Qa5 26.Rd4 Rxa2 27.Nxa2 Qxa2+ 28.Kc1 b3 29.Kd2 Qxc2+
30.Ke3 Nc4+ 31.Bxc4 Bxc4 32.Rf2 Qc1+ 33.Kf3 b2  0-1

[Event "Yalta op"]
[Site "Yalta"]
[Date "1995.??.??"]
[Round "?"]
[White "Shaposhnikov, Evgeny"]
[Black "Fedorov, Vassily"]
[Result "1-0"]
[WhiteElo "2215"]
[BlackElo "2445"]

1.e4 c5 2.Nf3 e6 3.d4 cxd4 4.Nxd4 a6 5.Bd3 Nf6 6.O-O Qc7 7.Nd2 Be7 8.f4 d6
9.Kh1 O-O 10.c4 Nbd7 11.b3 b5 12.Bb2 bxc4 13.Bxc4 d5 14.exd5 exd5 15.Be2 Nc5
16.Rc1 Qb7 17.N2f3 Ng4 18.Nc2 Ne4 19.Qe1 Bc5 20.Nfd4 Ngf6 21.Bf3 Re8 22.Qd1 Qb6
23.Bxe4 Rxe4 24.Qd2 Bd7 25.b4 Rae8 26.a3 Bf8 27.Rfe1 Nh5 28.g3 Qh6 29.Qf2 Nf6
30.Nf3 Ng4 31.Qd2 Bb5 32.Ncd4 Bc4 33.Kg1 Qb6 34.h3 Nf6 35.Ne5 Bb5 36.Kg2 Rxe1
37.Rxe1 Ne4 38.Qc2 f6 39.Nef3 Bd7 40.Qb3 Qd6 41.Bc1 Kh8 42.Be3 Rc8 43.Rc1 Rxc1
44.Bxc1 g6 45.Be3 Be7 46.Qc2 g5 47.Nd2 Nxd2 48.Qxd2 h6 49.Qc3 Kg8 50.Qd3 Kg7
51.h4 gxh4 52.gxh4 Bd8 53.h5 Qf8 54.Nf5+ Kf7 55.Qxd5+ Be6 56.Nd6+ Ke7 57.Qb7+ Bd7
58.Nc8+ Ke8 59.Qe4+ Kf7 60.Qd5+ Be6 61.Nd6+ Ke7 62.Nf5+ Kf7 63.Qe4 Bc7 64.Ng3 Qg8
65.Kf2 Bh3 66.Qc4+ Kg7 67.Qxc7+ Kh8 68.Qc2 Qd5 69.Qe4 Qa2+ 70.Ne2  1-0

[Event "Yalta op"]
[Site "Yalta"]
[Date "1995.??.??"]
[Round "6"]
[White "Golubev, Mihail"]
[Black "Kuzmin, Gennadi P"]
[Result "1/2-1/2"]
[WhiteElo "2570"]
[BlackElo "2545"]

1.e4 c5 2.Nf3 e6 3.d4 cxd4 4.Nxd4 a6 5.Bd3 Nf6 6.O-O d6 7.c4 Be7 8.Nc3 O-O
9.Qe2 Re8 10.Be3 b6 11.f3 Bb7 12.Rfd1 Nbd7 13.Qf2 Rc8 14.Bf1 Ne5 15.Nb3 Nfd7
16.Na4 Nxc4 17.Bxc4 Rxc4 18.Nxb6 Nxb6 19.Bxb6 Qd7 20.Na5 Rcc8 21.Nxb7 Qxb7
22.Rac1 h5 23.Bd4 h4 24.Rxc8 Rxc8 25.Bc3 Qb5 26.Kh1 Qa4 27.Qf1 Qxa2 28.Ra1 Qc4
29.Qxc4 Rxc4 30.Rxa6 d5 31.exd5 exd5 32.Ra8+ Kh7 33.Ra7 Bf6 34.Rxf7 d4 35.Bd2 Rc2
36.Bf4 Kg6 37.Rc7 Rxc7 38.Bxc7 d3 39.Ba5 Bxb2 40.Kg1 Kg5 41.Kf2 Bd4+ 42.Ke1 Be3
43.h3 Bf4 44.Bb6  1/2-1/2

[Event "Zadar op"]
[Site "Zadar"]
[Date "1995.??.??"]
[Round "?"]
[White "Ladic, Josip"]
[Black "Romanishin, Oleg M"]
[Result "1/2-1/2"]
[WhiteElo "2225"]
[BlackElo "2595"]

1.e4 c5 2.Nf3 e6 3.d4 cxd4 4.Nxd4 a6 5.Bd3 Qc7 6.c4 Nf6 7.Nc3 Nc6 8.Be3 Ne5
9.Qe2 Nfg4 10.Nf5 g6 11.h3 Nxd3+ 12.Qxd3 Ne5 13.Qd4 gxf5 14.f4 Bc5 15.Qxe5 Qxe5  1/2-1/2

[Event "EU-ch U18 Girls"]
[Site "Zagan"]
[Date "1995.??.??"]
[Round "4"]
[White "Luks, Monika"]
[Black "Grigorian, Arusiak"]
[Result "1-0"]
[WhiteElo "2200"]
[BlackElo "2145"]

1.e4 c5 2.Nf3 e6 3.d4 cxd4 4.Nxd4 a6 5.Bd3 Nf6 6.O-O Nc6 7.Nxc6 bxc6 8.c4 d6
9.Nc3 e5 10.Qc2 Be7 11.f4 exf4 12.Bxf4 Ng4 13.Rad1 Ne5 14.c5 Qc7 15.Qf2 O-O
16.Qg3 Qa7 17.b4 a5 18.Bh6 Ng6 19.Be3 dxc5 20.b5 cxb5 21.Nxb5 Qb8 22.Qf2 Ba6
23.a4 Ne5 24.Bf4 Nxd3 25.Rxd3 Qb7 26.Rg3 Kh8 27.Bh6 g6 28.Bxf8 Rxf8 29.Qe2 Qc6
30.Qc4 Bf6 31.Rgf3 Be5 32.Rxf7 Rxf7 33.Qxf7 Bg7 34.Qe7 Bxb5 35.Rf8+  1-0